00374nam a22001337a 4500003000400000005001700004008004100021040000800062082001700070100001700087245006100104260005700165300001800222OSt20190219154206.0190219b ||||| |||| 00| 0 eng d cDLC a234.1bC431t aChacko, JIJi aTest the Spirit/ba study in the descernment of Spirits/ aBangalore:bPetrol Bunk, Hennur Cross road:cc. 1996 a40 p.;c20 cm